000 00717nam a2200205Ii 4500
003 JO-AjNU
008 230605s9999||||xx |||||||||||||| ||und||
017 _a2008/6/1884
040 _aJO-AjNU
_bara
_erda
_cJO-AjNU
041 _aara
050 1 4 _aPJ7908.A883.Q57 2009
100 3 _aأبو عواد، إبراهيم,
_eauthor
_952727
245 0 0 _aالقرميد والإعصار- شعر
264 3 1 _aعمان: دار اليازوري العلمية للنشر والتوزيع، 2008
300 _a168ص
336 _atext
_btxt
_2rdacontent
337 _aunmediated
_bn
_2rdamedia
338 _avolume
_bnc
_2rdacarrier
650 4 _aشعر-القرميد والإعصار-ابراهيم أبو عواد
_952728
999 _aA23374
_c26942
_d26942